Statistics for Game of Thrones House Mottos

Click here to take the quiz!

General Stats

  • This quiz has been taken 5,122 times
    (4,290 since last reset)
  • The average score is 6 of 9

Answer Stats

House Name Motto % Correct
StarkWinter is Coming
100%
LannisterHear Me Roar
79%
TargaryenFire and Blood
74%
TyrellGrowing Strong
68%
GreyjoyWe Do Not Sow
67%
BaratheonOurs Is The Fury
61%
TullyFamily, Duty, Honor
57%
ArrynAs High As Honor
49%
MartellUnbowed, Unbent, Unbroken
49%

Score Distribution

Percentile by Number Answered

Percent of People with Each Score

Your Score History

You have not taken this quiz since the last reset